[Event "18MCRE_F"]
[Site "?"]
[Date "2006.??.??"]
[Round "?"]
[White "Bucek, Jiri"]
[Black "Firla, Stanislav"]
[Result "1/2-1/2"]
[WhiteElo "2319"]
[BlackElo "2362"]
[PlyCount "76"]
[EventDate "2006.??.??"]
[EventType "corr"]

1. e4 c5 2. Nf3 d6 3. d4 cxd4 4. Nxd4 Nf6 5. Nc3 a6 6. Bc4 e6 7. Bb3 b5 8. O-O
Be7 9. Qf3 Qc7 10. Qg3 O-O 11. Bh6 Ne8 12. Rad1 Bd7 13. Nf3 a5 14. a4 b4 15.
Ne2 Bf6 16. Bf4 Bxb2 17. e5 d5 18. c3 Nc6 19. Bc2 g6 20. Qh4 Bc8 21. Ng5 h5 22.
g4 Ba6 23. Bd3 Qe7 24. gxh5 f6 25. exf6 Rxf6 26. Bb5 bxc3 27. Bxc6 Bxe2 28.
Bxa8 Bxd1 29. Rxd1 c2 30. Rf1 Qb4 31. Nxe6 c1=Q 32. Rxc1 Bxc1 33. Bxd5 Bxf4 34.
Nxf4+ Kg7 35. Ne6+ Kh6 36. Qg5+ Kh7 37. f3 Qe1+ 38. Kg2 Qe2+ 1/2-1/2

[Event "18MCRE_F"]
[Site "?"]
[Date "2006.??.??"]
[Round "?"]
[White "Sykora, Josef"]
[Black "Sochor, Frantisek"]
[Result "1/2-1/2"]
[WhiteElo "2389"]
[BlackElo "2344"]
[PlyCount "106"]
[EventDate "2006.??.??"]
[EventType "corr"]

1. e4 c5 2. Nf3 d6 3. d4 cxd4 4. Nxd4 Nf6 5. Nc3 a6 6. f3 e5 7. Nb3 Be6 8. Be3
Be7 9. Qd2 Nbd7 10. g4 h6 11. O-O-O b5 12. h4 Nb6 13. Qf2 Nfd7 14. Kb1 Qc7 15.
Nd5 Bxd5 16. exd5 Nc4 17. Bc1 Qb6 18. Qe1 a5 19. a3 a4 20. Na1 Rb8 21. c3 Rb7
22. f4 exf4 23. Bxf4 Nde5 24. Be2 Ng6 25. Bc1 Nge5 26. Nc2 Qc5 27. Bf4 Ng6 28.
Bg3 O-O 29. g5 hxg5 30. hxg5 Bxg5 31. Bf2 Qc8 32. Qg1 Bh6 33. Nd4 Re8 34. Bg4
Qc5 35. Nc2 Qc7 36. Bf5 Nd2+ 37. Rxd2 Bxd2 38. Bxg6 fxg6 39. Qxg6 Qf7 40. Qh7+
Kf8 41. Rf1 g5 42. Qh8+ Ke7 43. Qd4 Bf4 44. Bh4 gxh4 45. Rxf4 Qh7 46. Rxh4 Qf7
47. Nb4 Qg6+ 48. Ka2 Kd7 49. Rg4 Qh5 50. Rg7+ Kc8 51. Rxb7 Kxb7 52. Qg7+ Kc8
53. Qa7 Qd1 1/2-1/2

[Event "18MCRE_F"]
[Site "?"]
[Date "2006.??.??"]
[Round "?"]
[White "Zahour, Jiri"]
[Black "Pytlik, Lesek"]
[Result "1-0"]
[WhiteElo "2320"]
[BlackElo "2387"]
[PlyCount "103"]
[EventDate "2006.??.??"]
[EventType "corr"]

1. e4 e6 2. d4 d5 3. Nd2 Nc6 4. Ngf3 Nf6 5. e5 Nd7 6. Nb3 Be7 7. Bb5 a5 8. a4
Na7 9. Bd3 b6 10. O-O Bb7 11. Bf4 c5 12. c4 cxd4 13. Nfxd4 Nc5 14. Nxc5 bxc5
15. Nb5 Nxb5 16. axb5 dxc4 17. Bxc4 O-O 18. Ra4 Qd4 19. Qxd4 cxd4 20. Bd2 Rfc8
21. Bd3 f6 22. exf6 Bxf6 23. Rfa1 e5 24. f3 Kf7 25. Rxa5 Rxa5 26. Rxa5 Be7 27.
Ra7 Rb8 28. Ba5 Bc5 29. b6 Kf6 30. Bxh7 g6 31. Bg8 e4 32. fxe4 Ke5 33. Bc4 Kxe4
34. Kf1 Bd5 35. Bxd5+ Kxd5 36. Rd7+ Kc6 37. Rg7 Kb5 38. b4 Bxb6 39. Rxg6 Bxa5
40. bxa5 Re8 41. a6 d3 42. Rd6 Kc4 43. h4 Kc3 44. h5 d2 45. h6 Re1+ 46. Kf2
d1=Q 47. Rxd1 Rxd1 48. h7 Rd8 49. Ke3 Kc4 50. Kf4 Kd5 51. Kf5 Rf8+ 52. Kg6 1-0

[Event "18MCRE_F"]
[Site "?"]
[Date "2006.??.??"]
[Round "?"]
[White "Zahour, Jiri"]
[Black "Nejtek, Jiri"]
[Result "1/2-1/2"]
[WhiteElo "2320"]
[BlackElo "2360"]
[PlyCount "103"]
[EventDate "2006.??.??"]
[EventType "corr"]

1. e4 c5 2. Nf3 d6 3. Bb5+ Bd7 4. Bxd7+ Qxd7 5. c4 Nf6 6. Nc3 Nc6 7. O-O g6 8.
d4 cxd4 9. Nxd4 Bg7 10. Nde2 O-O 11. f3 a6 12. a4 e6 13. Be3 Qc7 14. b3 Nd7 15.
Rb1 Rac8 16. Qc2 Nc5 17. Rfd1 Nb4 18. Qd2 Rfd8 19. Kh1 Be5 20. Bg5 Rd7 21. Na2
Nc6 22. Qc2 b6 23. Rd2 Nb7 24. Rbd1 Bg7 25. Be3 Qd8 26. f4 b5 27. axb5 axb5 28.
cxb5 Nd4 29. Qb1 Nxb5 30. Qd3 Qa5 31. Nac1 Qa6 32. Nd4 Bxd4 33. Bxd4 Rdc7 34.
Ne2 Nc5 35. Qe3 Qb7 36. Bxc5 Rxc5 37. Rd3 Qe7 38. h3 Qc7 39. e5 d5 40. f5 exf5
41. Rxd5 Rxd5 42. Rxd5 Nc3 43. Nxc3 Qxc3 44. Rd3 Qc1+ 45. Kh2 Qxe3 46. Rxe3 Kf8
47. b4 Ke7 48. g4 fxg4 49. hxg4 Ke6 50. Kg3 h6 51. b5 Rb8 52. Rb3 1/2-1/2

[Event "18MCRE_F"]
[Site "?"]
[Date "2006.??.??"]
[Round "?"]
[White "Prchly, Milos"]
[Black "Nejtek, Jiri"]
[Result "0-1"]
[WhiteElo "2269"]
[BlackElo "2360"]
[PlyCount "90"]
[EventDate "2006.??.??"]
[EventType "corr"]

1. d4 d5 2. c4 e6 3. Nc3 c6 4. Nf3 dxc4 5. a4 Bb4 6. e3 b5 7. Bd2 a5 8. axb5
Bxc3 9. Bxc3 cxb5 10. b3 Bb7 11. d5 Nf6 12. bxc4 b4 13. Bxf6 Qxf6 14. Qa4+ Nd7
15. Nd4 e5 16. Nb3 Ke7 17. Be2 Rhc8 18. O-O Nc5 19. Qa2 Kf8 20. Qb2 Nxb3 21.
Qxb3 Kg8 22. Ra4 Rc5 23. Rfa1 Qb6 24. Qb1 Ba6 25. Qe4 Rac8 26. Qxe5 Bxc4 27.
Bxc4 Rxc4 28. g3 Rc1+ 29. Rxc1 Rxc1+ 30. Kg2 Rc8 31. Ra1 Qc5 32. Qf5 Rd8 33. e4
b3 34. d6 Qxf5 35. exf5 Rb8 36. d7 Kf8 37. Rxa5 Ke7 38. f6+ gxf6 39. Rd5 Kd8
40. Rd1 b2 41. Rb1 Kxd7 42. Kf3 Kc6 43. Ke3 Kd5 44. Kd3 Rb3+ 45. Kc2 Kc4 0-1

[Event "18MCRE_F"]
[Site "?"]
[Date "2006.??.??"]
[Round "?"]
[White "Valak, Alois"]
[Black "Zatrapa, Petr"]
[Result "1/2-1/2"]
[WhiteElo "2333"]
[BlackElo "2321"]
[PlyCount "82"]
[EventDate "2006.??.??"]
[EventType "corr"]

1. e4 e5 2. Nf3 Nf6 3. Nxe5 d6 4. Nf3 Nxe4 5. Nc3 Nxc3 6. dxc3 Be7 7. Bf4 O-O
8. Qd2 Nd7 9. O-O-O Nc5 10. Bc4 Be6 11. Bxe6 Nxe6 12. h4 Qd7 13. Be3 Qb5 14.
Qd3 Qxd3 15. cxd3 h6 16. Kc2 Rfe8 17. d4 d5 18. g4 Bd6 19. h5 Rad8 20. Nh4 Kf8
21. Nf5 Bf4 22. Rde1 b6 23. Bxf4 Nxf4 24. Kd2 c5 25. Re3 Re6 26. Rxe6 Nxe6 27.
Re1 Ng5 28. Kc2 g6 29. hxg6 fxg6 30. Nh4 Kf7 31. f4 Ne4 32. dxc5 Nxc5 33. f5 g5
34. Ng6 Ne4 35. c4 Rc8 36. b3 Rc7 37. Re2 Nf6 38. Ne5+ Kg7 39. Kd3 dxc4+ 40.
bxc4 h5 41. gxh5 Nxh5 1/2-1/2

[Event "18MCRE_F"]
[Site "?"]
[Date "2006.??.??"]
[Round "?"]
[White "Pytlik, Lesek"]
[Black "Zatrapa, Petr"]
[Result "1/2-1/2"]
[WhiteElo "2387"]
[BlackElo "2321"]
[PlyCount "80"]
[EventDate "2006.??.??"]
[EventType "corr"]

1. e4 e5 2. Nf3 Nc6 3. Nc3 Nf6 4. d4 exd4 5. Nxd4 Bb4 6. Nxc6 bxc6 7. Bd3 d5 8.
exd5 cxd5 9. O-O O-O 10. Bg5 c6 11. Ne2 h6 12. Bh4 Bd6 13. Nd4 c5 14. Nb5 Be7
15. c4 Bb7 16. Qb3 Bc6 17. cxd5 Nxd5 18. Bg3 a6 19. Na3 Nb4 20. Rad1 Nxd3 21.
Rxd3 Qa5 22. Be5 Rfe8 23. Rg3 Bf8 24. f4 Bb5 25. Rc1 Rad8 26. Nc4 Qa4 27. Qc2
Bxc4 28. a3 Qa5 29. Qxc4 Rd1+ 30. Kf2 Rxc1 31. Qxc1 c4 32. Qc3 Qc5+ 33. Bd4 Qh5
34. Re3 Rd8 35. Qxc4 Qxh2 36. Bc3 Qh4+ 37. Kf1 Qh1+ 38. Kf2 Be7 39. g3 Qh2+ 40.
Kf1 Qh1+ 1/2-1/2

[Event "18MCRE_F"]
[Site "?"]
[Date "2006.??.??"]
[Round "?"]
[White "Firla, Stanislav"]
[Black "Sochor, Frantisek"]
[Result "0-1"]
[WhiteElo "2362"]
[BlackElo "2344"]
[PlyCount "110"]
[EventDate "2006.??.??"]
[EventType "corr"]

1. e4 c5 2. Nf3 d6 3. d4 cxd4 4. Nxd4 Nf6 5. Nc3 a6 6. Bc4 e6 7. Bb3 b5 8. Qf3
Bb7 9. O-O Nbd7 10. Re1 Nc5 11. Bd5 Nxd5 12. exd5 b4 13. Na4 Be7 14. Nxc5 dxc5
15. Nc6 Bxc6 16. dxc6 Qb6 17. Bf4 Rc8 18. Qg3 g6 19. Bh6 Rxc6 20. Qh3 Bf6 21.
c3 Ke7 22. a3 Rd8 23. Rab1 Rcd6 24. cxb4 cxb4 25. Rbc1 Bxb2 26. Bg5+ Kf8 27.
Qxh7 bxa3 28. Bh6+ Ke7 29. Bg5+ Bf6 30. Bxf6+ Kxf6 31. Re3 Rd5 32. Rxa3 Qb4 33.
Rf3+ Rf5 34. Rxf5+ exf5 35. Rf1 a5 36. h4 a4 37. h5 a3 38. h6 Qf8 39. Ra1 Rd3
40. f4 Re3 41. Kh2 Re4 42. Rc1 a2 43. Rc6+ Re6 44. Rxe6+ fxe6 45. Qa7 Qxh6+ 46.
Kg1 Qxf4 47. Qxa2 e5 48. Qa8 e4 49. Qd8+ Kg7 50. Qd4+ Kh6 51. Kh1 Qc1+ 52. Kh2
Kg5 53. Qd8+ Kg4 54. Qb6 Qg5 55. Kg1 e3 0-1

[Event "18MCRE_F"]
[Site "?"]
[Date "2006.??.??"]
[Round "?"]
[White "Prepiora, Vaclav"]
[Black "Sochor, Frantisek"]
[Result "1-0"]
[WhiteElo "2414"]
[BlackElo "2344"]
[PlyCount "107"]
[EventDate "2006.??.??"]
[EventType "corr"]

1. e4 c5 2. Nf3 d6 3. d4 cxd4 4. Nxd4 Nf6 5. Nc3 a6 6. Be2 e5 7. Nb3 Be7 8. O-O
O-O 9. Qd3 Nc6 10. Nd5 a5 11. c3 a4 12. Nxf6+ Bxf6 13. Nd2 Ne7 14. Nc4 d5 15.
Rd1 Be6 16. exd5 Bxd5 17. Ne3 Be6 18. Qb5 Qc7 19. Ng4 Bxg4 20. Bxg4 Qc6 21.
Qxc6 bxc6 22. Bf3 Rad8 23. Re1 Rd7 24. Kf1 h6 25. Re4 Ra8 26. Rb1 Nd5 27. Bd2
a3 28. b3 Rad8 29. c4 Nf4 30. Ba5 Ra8 31. Bc3 Rad8 32. b4 Ne6 33. Rb3 Ng5 34.
Rxa3 Nxe4 35. Bxe4 Rd1+ 36. Ke2 Rc1 37. g3 Kf8 38. c5 g6 39. Bd2 Rc4 40. Bxc6
Rc2 41. Rd3 Ke7 42. Rxd8 Kxd8 43. Kd3 Rxa2 44. Bd5 Rb2 45. f3 Ke8 46. h3 Rb1
47. b5 Be7 48. Kc2 Rf1 49. Bb4 Rf2+ 50. Kb3 Rf1 51. b6 Kd8 52. Ka4 Rc1 53. c6
Bxb4 54. Kxb4 1-0

[Event "18MCRE_F"]
[Site "?"]
[Date "2006.??.??"]
[Round "?"]
[White "Privoznik, Lubos"]
[Black "Firla, Stanislav"]
[Result "1/2-1/2"]
[WhiteElo "2343"]
[BlackElo "2362"]
[PlyCount "85"]
[EventDate "2006.??.??"]
[EventType "corr"]

1. Nf3 c5 2. c4 Nf6 3. Nc3 b6 4. e4 Nc6 5. d4 cxd4 6. Nxd4 Bb7 7. Be2 e6 8. O-O
Qb8 9. Nc2 Bc5 10. Be3 Bxe3 11. Nxe3 Qf4 12. g3 Qe5 13. f3 O-O 14. Qd2 Nd4 15.
Rad1 Nxe2+ 16. Nxe2 d5 17. cxd5 exd5 18. Nxd5 Bxd5 19. exd5 Nxd5 20. Rfe1 Nf6
21. Qc3 Qg5 22. Nd4 Rad8 23. Nc6 Rxd1 24. Rxd1 Qb5 25. Ne7+ Kh8 26. Rd6 Qg5 27.
f4 Qg4 28. Qd3 Re8 29. Nc6 Qc8 30. Ne5 Qc1+ 31. Qd1 Qxb2 32. Rd2 Qb4 33. Nxf7+
Kg8 34. Ne5 g5 35. fxg5 Qc5+ 36. Kg2 Qxe5 37. gxf6 Qxf6 38. Qg4+ Kh8 39. h4 a6
40. Rf2 Qe5 41. Qd7 Qe4+ 42. Kh2 b5 43. Rf7 1/2-1/2

[Event "18MCRE_F"]
[Site "?"]
[Date "2006.??.??"]
[Round "?"]
[White "Postl, Rostislav"]
[Black "Laurenc, Petr"]
[Result "1-0"]
[WhiteElo "2319"]
[BlackElo "2484"]
[PlyCount "119"]
[EventDate "2006.??.??"]
[EventType "corr"]

1. e4 c5 2. Nf3 d6 3. d4 cxd4 4. Nxd4 Nf6 5. Nc3 a6 6. Be2 e5 7. Nb3 Be7 8. O-O
O-O 9. Qd3 b5 10. a4 b4 11. Nd5 Nxd5 12. Qxd5 Ra7 13. Be3 Be6 14. Qd2 Rb7 15.
Rfd1 Re8 16. h3 Qc7 17. Rac1 h6 18. Qe1 Rc8 19. Qf1 Bg5 20. f4 exf4 21. Bxf4
Qe7 22. Nd4 Bxf4 23. Qxf4 Bd7 24. Rd2 Qe5 25. Rf1 Bxa4 26. b3 Qxf4 27. Rxf4 Bd7
28. Bc4 Rf8 29. Bd5 Rb6 30. Rdf2 Nc6 31. Rxf7 Rxf7 32. Rxf7 Nxd4 33. Rxd7+ Kh7
34. h4 h5 35. Kf2 Kh6 36. Rc7 Nb5 37. Rc8 Nc3 38. Ke3 g6 39. Bc4 Nb1 40. Rh8+
Kg7 41. Rg8+ Kf6 42. Rf8+ Ke7 43. Rf7+ Ke8 44. Rf6 Na3 45. Bd3 Rc6 46. Kd2 Nb1+
47. Kc1 Nc3 48. Rxg6 Kd7 49. g4 hxg4 50. Rxg4 Ke7 51. h5 Rc5 52. Rh4 Kf6 53. h6
Rc8 54. Bxa6 Rh8 55. Rh2 Kg5 56. h7 Kg6 57. Bd3 Kg7 58. Rg2+ Kf8 59. e5 dxe5
60. Rg4 1-0

[Event "18MCRE_F"]
[Site "?"]
[Date "2006.??.??"]
[Round "?"]
[White "Zatrapa, Petr"]
[Black "Firla, Stanislav"]
[Result "1/2-1/2"]
[WhiteElo "2321"]
[BlackElo "2362"]
[PlyCount "81"]
[EventDate "2006.??.??"]
[EventType "corr"]

1. e4 e5 2. Nf3 Nc6 3. Bb5 f5 4. Nc3 fxe4 5. Nxe4 d5 6. Nxe5 dxe4 7. Nxc6 Qg5
8. Qe2 Nf6 9. f4 Qxf4 10. Nxa7+ Bd7 11. Bxd7+ Kxd7 12. Qb5+ Ke6 13. Qxb7 Bd6
14. Qb3+ Kd7 15. Qf7+ Kd8 16. Nc6+ Kc8 17. Ne7+ Bxe7 18. Qxe7 Re8 19. Qc5 e3
20. dxe3 Ra6 21. Bd2 Re5 22. Qf8+ Kb7 23. Qb4+ Qxb4 24. Bxb4 Rxe3+ 25. Kd2 Re5
26. Rhe1 Rh5 27. h3 Nd5 28. Re4 Rg6 29. Rg1 Rxh3 30. gxh3 Rxg1 31. h4 g5 32.
Bc5 Rg2+ 33. Kd1 g4 34. a4 g3 35. a5 Kc6 36. Bd4 Nb4 37. Be5 Nxc2 38. Bxg3 Rxg3
39. Kxc2 Kb5 40. Re7 c5 41. Rxh7 1/2-1/2

[Event "18MCRE_F"]
[Site "?"]
[Date "2006.??.??"]
[Round "?"]
[White "Toman, Antonin"]
[Black "Sykora, Josef"]
[Result "1/2-1/2"]
[WhiteElo "2248"]
[BlackElo "2389"]
[PlyCount "104"]
[EventDate "2006.??.??"]
[EventType "corr"]

1. e4 c6 2. d4 d5 3. e5 Bf5 4. Nf3 e6 5. Bd3 Ne7 6. O-O Nd7 7. Bg5 Qb6 8. b3
Bxd3 9. Qxd3 c5 10. c3 Nc6 11. Nbd2 cxd4 12. cxd4 h6 13. Bf4 Be7 14. a3 a5 15.
Nb1 O-O 16. Rc1 Rfc8 17. Ra2 Na7 18. Rac2 Rc6 19. Be3 Rac8 20. a4 Nb8 21. h3
Na6 22. Rc3 Nb4 23. Qe2 Bf8 24. Qd2 Na6 25. Qd1 Rxc3 26. Rxc3 Nc6 27. Rc1 Rc7
28. Nc3 Ba3 29. Rb1 Na7 30. Ne2 Be7 31. Ng3 Nb4 32. Rb2 Rc8 33. Ne1 Qd8 34. Nh5
Kh8 35. Qf3 Qg8 36. Rb1 Nac6 37. Rd1 Rf8 38. Qe2 Qh7 39. Qb5 Rb8 40. Kf1 Na2
41. Ra1 Bb4 42. Qe2 Bxe1 43. Qxa2 Bc3 44. Rd1 Rc8 45. Qe2 Nb4 46. Ng3 Nc2 47.
Qd3 Qxd3+ 48. Rxd3 Kg8 49. Ne2 Bb4 50. f4 Kf8 51. g4 Ke7 52. f5 Nxe3+ 1/2-1/2

[Event "18MCRE_F"]
[Site "?"]
[Date "2006.??.??"]
[Round "?"]
[White "Sykora, Josef"]
[Black "Valak, Alois"]
[Result "0-1"]
[WhiteElo "2389"]
[BlackElo "2333"]
[PlyCount "126"]
[EventDate "2006.??.??"]
[EventType "corr"]

1. e4 e5 2. Nf3 Nc6 3. Bb5 Nf6 4. O-O Nxe4 5. d4 Nd6 6. Bxc6 dxc6 7. dxe5 Nf5
8. Qxd8+ Kxd8 9. Nc3 Ne7 10. h3 Ng6 11. Bg5+ Ke8 12. Rad1 Bd7 13. Rd2 Be6 14.
Rfd1 Be7 15. Be3 a6 16. Ne2 Rd8 17. Rxd8+ Bxd8 18. b3 Be7 19. c4 h5 20. Kf1 h4
21. Nf4 Nxf4 22. Bxf4 c5 23. Ng5 Bf5 24. Nf3 Rh5 25. Ne1 Bg5 26. Bxg5 Rxg5 27.
Rd2 Ke7 28. Re2 Bb1 29. Nf3 Rh5 30. Ke1 a5 31. Kd1 b6 32. Ne1 Ke6 33. Kc1 Bg6
34. Nf3 Bd3 35. Re1 Ke7 36. Kd2 Bf5 37. Re2 Bd7 38. Ne1 Bc6 39. Kc3 Rh6 40. f3
Ke6 41. a3 Kf5 42. b4 cxb4+ 43. axb4 axb4+ 44. Kxb4 Kf4 45. Kc3 Bd7 46. Nd3+
Kg3 47. Nb4 c5 48. Nd5 b5 49. cxb5 Bxb5 50. Rb2 Ba6 51. Ra2 Bc8 52. Kc4 Ra6 53.
Rc2 Bf5 54. Rd2 Be6 55. Kb5 Ra3 56. f4 g6 57. Nc7 Ra2 58. Rd3+ Kxf4 59. Nxe6+
fxe6 60. Kxc5 Kxe5 61. g3 Rc2+ 62. Kb5 g5 63. Rb3 Kd5 0-1

[Event "18MCRE_F"]
[Site "?"]
[Date "2006.??.??"]
[Round "?"]
[White "Privoznik, Lubos"]
[Black "Prepiora, Vaclav"]
[Result "1/2-1/2"]
[WhiteElo "2343"]
[BlackElo "2414"]
[PlyCount "86"]
[EventDate "2006.??.??"]
[EventType "corr"]

1. Nf3 Nf6 2. c4 g6 3. g3 Bg7 4. Bg2 O-O 5. d4 c6 6. Nc3 d5 7. Qb3 Qb6 8. O-O
Be6 9. Ng5 dxc4 10. Qa4 Bc8 11. Qxc4 Na6 12. d5 Bd7 13. dxc6 Bxc6 14. e4 Rac8
15. Qe2 h6 16. Nf3 Nc5 17. Ne5 Bxe4 18. Nxe4 Nfxe4 19. Bxe4 Bxe5 20. Bxg6 Qxg6
21. Qxe5 Rfe8 22. b3 b6 23. Qe3 Kh7 24. Ba3 e5 25. Bxc5 Rxc5 26. Rad1 a5 27.
Rd7 Kg7 28. Rfd1 Rc2 29. R7d5 Qf6 30. R1d2 Qc6 31. Qd3 Rc1+ 32. Rd1 Re6 33.
Rxc1 Qxc1+ 34. Kg2 Qc6 35. Kh3 Rf6 36. f3 Qc8+ 37. Kg2 Re6 38. h4 Qc1 39. Qe2
Qc3 40. Kh3 Qc8 41. Kh2 Qc3 42. h5 Qa1 43. Kg2 Qc3 1/2-1/2

[Event "18MCRE_F"]
[Site "?"]
[Date "2006.??.??"]
[Round "?"]
[White "Kuta, Jiri"]
[Black "Sykora, Josef"]
[Result "1/2-1/2"]
[WhiteElo "2310"]
[BlackElo "2389"]
[PlyCount "97"]
[EventDate "2006.??.??"]
[EventType "corr"]

1. d4 d5 2. c4 e6 3. Nf3 c6 4. e3 Nf6 5. Nc3 Nbd7 6. Qc2 Bd6 7. Be2 O-O 8. O-O
dxc4 9. Bxc4 a6 10. Rd1 c5 11. a4 Qc7 12. dxc5 Bxc5 13. Ne4 Be7 14. Bd2 Nxe4
15. Qxe4 Nf6 16. Qf4 Qxf4 17. exf4 Bd7 18. Ne5 Rac8 19. Nxd7 Nxd7 20. Be3 Rfd8
21. Rac1 Nf6 22. Rxd8+ Rxd8 23. g3 Kf8 24. Bb3 Nd5 25. Bxd5 Rxd5 26. Rc8+ Rd8
27. Rc7 b5 28. a5 Ra8 29. Rb7 g6 30. Bd4 Ke8 31. Kg2 h5 32. Kf3 Bd6 33. Ke3 Bb4
34. Bb6 Be7 35. Ke4 Bf8 36. b3 Bd6 37. h4 Kf8 38. Kd4 Be7 39. Ke5 Bb4 40. Rd7
Kg7 41. Rc7 Ba3 42. Bc5 Bxc5 43. Rxc5 Rd8 44. Rc6 b4 45. Rxa6 Rd3 46. Ra8 Rxb3
47. a6 Rb2 48. a7 Ra2 49. Kd4 1/2-1/2

[Event "18MCRE_F"]
[Site "?"]
[Date "2006.??.??"]
[Round "?"]
[White "Prchly, Milos"]
[Black "Toman, Antonin"]
[Result "0-1"]
[WhiteElo "2269"]
[BlackElo "2248"]
[PlyCount "102"]
[EventDate "2006.??.??"]
[EventType "corr"]

1. d4 d5 2. c4 e6 3. Nc3 Nf6 4. Bg5 c6 5. e3 Nbd7 6. Nf3 Qa5 7. cxd5 Nxd5 8.
Qd2 N7b6 9. Bd3 Nxc3 10. bxc3 Na4 11. e4 Qxc3 12. Qxc3 Nxc3 13. Kd2 Na4 14.
Rab1 f6 15. Be3 a5 16. Kc2 Kf7 17. h4 h5 18. Rhc1 Ba3 19. Rd1 Be7 20. Kb3 b5
21. Rbc1 Bd7 22. Be2 Rac8 23. g3 e5 24. dxe5 Be6+ 25. Kc2 b4 26. exf6 gxf6 27.
Nd4 Bxa2 28. Ra1 c5 29. Nb3 c4 30. Rxa2 cxb3+ 31. Kxb3 Nc3 32. Rdd2 Nxa2 33.
Rxa2 Rc3+ 34. Kb2 Bc5 35. Bd2 Ra3 36. Rxa3 bxa3+ 37. Ka2 Bxf2 38. Bf4 Bc5 39.
e5 Ke6 40. exf6 Kxf6 41. Bb5 Bb4 42. Bd7 Kf7 43. Bc6 Rd8 44. Bf3 Kg6 45. Be4+
Kg7 46. Be5+ Kf8 47. Bf4 Rd1 48. Bg6 a4 49. Bh6+ Kg8 50. Bf4 Bc3 51. Bb1 Kf7
0-1

[Event "18MCRE_F"]
[Site "?"]
[Date "2006.??.??"]
[Round "?"]
[White "Privoznik, Lubos"]
[Black "Valak, Alois"]
[Result "1/2-1/2"]
[WhiteElo "2343"]
[BlackElo "2333"]
[PlyCount "100"]
[EventDate "2006.??.??"]
[EventType "corr"]

1. Nf3 d5 2. g3 Nf6 3. Bg2 c6 4. O-O Bg4 5. c4 e6 6. d4 Nbd7 7. Qc2 Bf5 8. Qb3
Qb6 9. c5 Qxb3 10. axb3 Be7 11. Nc3 O-O 12. Bf4 h6 13. b4 Ne4 14. Nxe4 Bxe4 15.
Bh3 Rfe8 16. Ne5 Nxe5 17. Bxe5 Bf5 18. g4 Bg6 19. e3 f6 20. Bg3 Kf7 21. Bg2 Bd3
22. Rfe1 a6 23. h3 Bc4 24. Ra3 Rh8 25. Bf3 g6 26. Kh2 Rae8 27. Rd1 Bf8 28. Rc3
g5 29. Kg2 Bg7 30. Bc7 Bb5 31. Rd2 e5 32. Bd1 Re6 33. dxe5 Rc8 34. Bd6 fxe5 35.
e4 d4 36. Rf3+ Ke8 37. Bb3 Rxd6 38. cxd6 Rd8 39. Rf5 Rxd6 40. Bf7+ Ke7 41. b3
Rd7 42. Bc4 Kd6 43. Rd3 Bxc4 44. bxc4 c5 45. bxc5+ Kxc5 46. Kf1 Kxc4 47. Rdf3
b5 48. Rf7 Rxf7 49. Rxf7 Bh8 50. Rc7+ Kd3 1/2-1/2

[Event "18MCRE_F"]
[Site "?"]
[Date "2006.??.??"]
[Round "?"]
[White "Laurenc, Petr"]
[Black "Kuta, Jiri"]
[Result "1/2-1/2"]
[WhiteElo "2484"]
[BlackElo "2310"]
[PlyCount "110"]
[EventDate "2006.??.??"]
[EventType "corr"]

1. e4 c5 2. Nf3 Nc6 3. d4 cxd4 4. Nxd4 Nf6 5. Nc3 e5 6. Ndb5 d6 7. Bg5 a6 8.
Na3 b5 9. Bxf6 gxf6 10. Nd5 f5 11. Bd3 Be6 12. O-O Bxd5 13. exd5 Ne7 14. c3 Bg7
15. Qh5 e4 16. Bc2 Qc8 17. Rad1 Qc5 18. Bb1 b4 19. cxb4 Qxb4 20. Nc2 Qxb2 21.
Ne3 Qf6 22. f3 Bh6 23. Rfe1 Bxe3+ 24. Rxe3 Ng6 25. fxe4 f4 26. Rb3 Ne5 27. Rf1
Rg8 28. Kh1 Kf8 29. Bd3 f3 30. gxf3 Qf4 31. Be2 Rg5 32. Qh3 Kg7 33. Rfb1 a5 34.
a4 Rg8 35. Rb6 h5 36. R6b3 Qd2 37. Qf1 Kh7 38. R1b2 Qd4 39. Rb1 Rg1+ 40. Qxg1
Rxg1+ 41. Rxg1 Qxa4 42. Rgb1 Qd4 43. Bf1 Kh6 44. Ra3 Qf2 45. Rba1 Nxf3 46. Bg2
Ne1 47. R1a2 Qf4 48. Rxa5 Nd3 49. h3 Qg3 50. R5a3 f5 51. exf5 Qe1+ 52. Kh2 Nb4
53. Ra1 Qe5+ 54. Kg1 Nc2 55. R1a2 Qe1+ 1/2-1/2

[Event "18MCRE_F"]
[Site "?"]
[Date "2006.??.??"]
[Round "?"]
[White "Firla, Stanislav"]
[Black "Valak, Alois"]
[Result "1/2-1/2"]
[WhiteElo "2362"]
[BlackElo "2333"]
[PlyCount "122"]
[EventDate "2006.??.??"]
[EventType "corr"]

1. c4 Nf6 2. Nc3 e5 3. g3 Bb4 4. Nf3 Nc6 5. Bg2 O-O 6. O-O Bxc3 7. bxc3 d6 8.
d3 Bg4 9. Rb1 e4 10. dxe4 Nxe4 11. Qc2 Re8 12. Rxb7 Qc8 13. Rb2 Bh3 14. Be3
Bxg2 15. Kxg2 Qe6 16. Rb7 Qd7 17. Qd3 a6 18. Rd1 Na5 19. Rbb1 Qa4 20. Rb4 Qxa2
21. c5 d5 22. Qxd5 Qxd5 23. Rxd5 Nc6 24. Rb7 Nxc3 25. Rd2 Nb5 26. Nd4 Nbxd4 27.
Bxd4 Re7 28. Kf1 a5 29. Be3 f6 30. Ra2 Nd8 31. Rb5 Nc6 32. h4 Ra7 33. Ra4 f5
34. Rb3 Re4 35. Rba3 Rxa4 36. Rxa4 Kf7 37. Ke1 Rb7 38. Kd2 Ke6 39. Kc3 Kd5 40.
Ra1 Rb4 41. Rd1+ Ke6 42. h5 a4 43. Ra1 g6 44. h6 Ke5 45. Bf4+ Kd5 46. Bxc7 Kxc5
47. Bf4 Rb3+ 48. Kc2 Nb4+ 49. Kd2 a3 50. Be5 Kb5 51. Rc1 Nc6 52. Bg7 a2 53. Ra1
Nb4 54. Rc1 Ra3 55. Rc7 a1=Q 56. Bxa1 Ra2+ 57. Bb2 Rxb2+ 58. Kd1 Rb1+ 59. Kd2
Rh1 60. Rxh7 Nd5 61. Rh8 Kc6 1/2-1/2

[Event "18MCRE_F"]
[Site "?"]
[Date "2006.??.??"]
[Round "?"]
[White "Brousek, Jiri"]
[Black "Firla, Stanislav"]
[Result "1/2-1/2"]
[WhiteElo "2362"]
[BlackElo "2319"]
[PlyCount "163"]
[EventDate "2006.??.??"]
[EventType "corr"]

1. d4 d5 2. Nf3 Nf6 3. e3 e6 4. Bd3 c5 5. b3 Nc6 6. O-O Rb8 7. Bb2 b5 8. Ne5
Nxe5 9. dxe5 Nd7 10. Be2 Be7 11. e4 d4 12. c3 dxc3 13. Nxc3 c4 14. bxc4 bxc4
15. Qc2 Qc7 16. a4 a6 17. Nd1 Nxe5 18. f4 Nd3 19. Bxd3 Qa7+ 20. Nf2 cxd3 21.
Qc3 e5 22. Kh1 O-O 23. Nxd3 Qb7 24. Qd2 Qxe4 25. Rfe1 Qd5 26. Rxe5 Qd8 27. Rxe7
Rxb2 28. Qxb2 Qxe7 29. Qb4 Qd7 30. Ne5 Qd5 31. a5 h5 32. Rc1 Rd8 33. Nf3 Bg4
34. Ng1 Qd6 35. Qxd6 Rxd6 36. h3 Bd1 37. Rc5 h4 38. f5 Kf8 39. Kh2 Ke7 40. Rc7+
Kf6 41. Ra7 Bc2 42. Nf3 Bxf5 43. Nxh4 Bd3 44. Rc7 Rd5 45. Rc3 Be4 46. Re3 Ke5
47. Nf3+ Kf4 48. Ra3 Rd1 49. g3+ Kf5 50. Kg2 Rd2+ 51. Kf1 Rb2 52. Ke1 Bd5 53.
Nd2 Ke5 54. Ra4 Rc2 55. h4 f5 56. Ke2 Rc3 57. Kf2 Kf6 58. g4 g6 59. Rb4 Ke5 60.
gxf5 gxf5 61. h5 Rh3 62. Nc4+ Kf4 63. Nd2+ Be4 64. Rb6 Rh2+ 65. Ke1 Bd3 66. h6
Bb5 67. Rg6 Re2+ 68. Kd1 Re3 69. h7 Rh3 70. Rg7 Bd3 71. Kc1 Ke5 72. Rd7 Rh1+
73. Kb2 Bb5 74. Nf3+ Kf6 75. Rb7 f4 76. Kc3 Be2 77. Rb6+ Kg7 78. Ng5 f3 79. Rb8
f2 80. Rg8+ Kf6 81. Ne4+ Kf7 82. Nxf2 1/2-1/2

[Event "18MCRE_F"]
[Site "?"]
[Date "2006.??.??"]
[Round "?"]
[White "Prchly, Milos"]
[Black "Valak, Alois"]
[Result "0-1"]
[WhiteElo "2269"]
[BlackElo "2333"]
[PlyCount "88"]
[EventDate "2006.??.??"]
[EventType "corr"]

1. d4 d5 2. c4 e6 3. Nc3 c6 4. Nf3 dxc4 5. a4 Bb4 6. e3 b5 7. Bd2 a5 8. axb5
Bxc3 9. Bxc3 cxb5 10. b3 Bb7 11. d5 Nf6 12. bxc4 b4 13. Bxf6 Qxf6 14. Qa4+ Nd7
15. Nd4 e5 16. Nb3 Ke7 17. Be2 Rhc8 18. O-O Nc5 19. Qa2 Nxb3 20. Qxb3 Qd6 21.
Qb1 g6 22. Ra4 f6 23. Qe4 Kf7 24. Rfa1 Rc5 25. Qh4 Kg7 26. f4 e4 27. Kf2 Qb6
28. f5 Re8 29. fxg6 hxg6 30. Qg3 Re5 31. h4 b3 32. h5 Rf5+ 33. Kg1 Rg5 34. Qf4
Bxd5 35. Rb1 Bc6 36. h6+ Kh7 37. Qxf6 Qc7 38. Raa1 a4 39. Qd4 Ra5 40. Bd1 Ra8
41. Bxb3 Rd8 42. Qg7+ Qxg7 43. hxg7 axb3 44. Rxb3 Kxg7 0-1

[Event "18MCRE_F"]
[Site "?"]
[Date "2006.??.??"]
[Round "?"]
[White "Pytlik, Lesek"]
[Black "Kuta, Jiri"]
[Result "1/2-1/2"]
[WhiteElo "2387"]
[BlackElo "2310"]
[PlyCount "84"]
[EventDate "2006.??.??"]
[EventType "corr"]

1. e4 c5 2. Nf3 Nc6 3. Bb5 g6 4. Bxc6 dxc6 5. d3 Bg7 6. h3 b6 7. Nc3 e5 8. Be3
h6 9. O-O Ne7 10. a3 f5 11. exf5 Nxf5 12. Re1 O-O 13. b4 Nd4 14. Nd2 cxb4 15.
axb4 Be6 16. Nce4 Qe7 17. c3 Nf5 18. Ra6 Rad8 19. Qa4 Rf7 20. Qxc6 Rxd3 21.
Bxb6 axb6 22. Rxb6 Nd6 23. Nxd6 Bd5 24. Qc5 Rxd2 25. Nxf7 Qxf7 26. Qe3 Ra2 27.
Rd1 Kh7 28. Rd6 Be6 29. b5 Rb2 30. b6 e4 31. c4 h5 32. c5 Bh6 33. Qg3 Bg7 34.
R6d2 Rb5 35. Qd6 Bf5 36. Rd5 e3 37. fxe3 Be4 38. Qd7 Bxd5 39. Qxb5 Qe7 40. Kh1
Qe6 41. Qe2 Qxh3+ 42. Kg1 Qe6 1/2-1/2